| 000 | 00579nam a2200181Ia 4500 | ||
|---|---|---|---|
| 003 | GCL | ||
| 008 | 140319s9999 xx 000 0 ara d | ||
| 020 | _a0488208977 | ||
| 040 |
_aGCL / _cGCL |
||
| 082 | 0 | 4 |
_a811.09 _bا ا |
| 100 | 1 | _aامل دنقل | |
| 245 | 1 | 0 |
_aامل دنقل - الاعمال الكاملة / _cامل دنقل |
| 260 |
_aالقاهرة : _bمكتبة مدبولى ، _c2005 |
||
| 300 |
_a477 ص ؛ _c20 سم |
||
| 650 | 0 | 4 | _aالشعر العربى - دواوين وقصائد |
| 650 | 0 | 4 | _aالشعر العربى - مجموعات |
| 942 |
_2ddc _cBK |
||
| 999 |
_c45911 _d45911 |
||